<The> Importance of Customer Awareness of Selected Management Systems
Uložené v:
| Hlavný autor: | |
|---|---|
| Médium: | Kapitola |
| Jazyk: | English |
| Tagy: |
Žiadne tagy, Buďte prvý, kto otaguje tento záznam!
|
MARC
| LEADER | 00000naa$a2200000$$$4500 | ||
|---|---|---|---|
| 001 | 0206256 | ||
| 005 | 20240502083516.5 | ||
| 041 | 0 | |a eng | |
| 044 | |a PL | ||
| 245 | 1 | 0 | |a <The> Importance of Customer Awareness of Selected Management Systems |c Marta Karkalíková |
| 500 | |a Abstrakt | ||
| 100 | 1 | |a Karkalíková, Marta | |